CJ50 (Record no. 81188)

MARC details
000 -LEADER
fixed length control field 01012cab a22001815a 4500
001 - CONTROL NUMBER
control field L146566
008 - FIXED-LENGTH DATA ELEMENTS--GENERAL INFORMATION
fixed length control field 090204e20090121xxkdo f s 000 0 eng d
035 ## - SYSTEM CONTROL NUMBER
System control number (Sirsi) u146566
041 0# - LANGUAGE CODE
Language code of text/sound track or separate title eng
100 1# - MAIN ENTRY--PERSONAL NAME
Personal name Stagg, James
245 00 - TITLE STATEMENT
Title CJ50
Remainder of title Forth time lucky for Balfour Beatty
260 ## - PUBLICATION, DISTRIBUTION, ETC.
Date of publication, distribution, etc. 2009
490 ## - SERIES STATEMENT
Series statement Contract Journal
Volume/sequential designation 446 (6707) 21 January 2009, 15-17 (3)
520 ## - SUMMARY, ETC.
Summary, etc. Annual league table of new work winners for 2008. Balfour Beatty is at the top of the league for the fourth consecutive year due to public and infrastructure contracts. Laing O'Rourke follows at the second position. Kier is at the third position of this league. Presents tables of top ten by new work winners by sector, top ten new work winners by region, total value of new work won for 2008 in millions of pounds; diagrams for total orders for 2008, and percentage of orders by sector for 2008; list of monthly winners in 2008.
651 #4 - SUBJECT ADDED ENTRY--GEOGRAPHIC NAME
Geographic name United Kingdom
Chronological subdivision
690 ## - LOCAL SUBJECT ADDED ENTRY--TOPICAL TERM (OCLC, RLIN)
Topical term or geographic name as entry element BUILT ENVIRONMENT-CONSTRUCTION MARKET
942 ## - ADDED ENTRY ELEMENTS (KOHA)
Suppress in OPAC 0
Holdings
Withdrawn status Lost status Source of classification or shelving scheme Damaged status Not for loan Home library Current library Shelving location Date acquired Total Checkouts Full call number Barcode Date last seen Copy number Price effective from Koha item type
    Dewey Decimal Classification     London London Journal article 04/02/2009   L146566 146566-1001 06/08/2019 1 06/08/2019 Journal article